Statistics for Abandoned cities through history

Click here to take the quiz!

General Stats

  • This quiz has been taken 23 times
  • The average score is 2 of 13

Answer Stats

Modern CountryCivilization(s)Time of abandonementRuin name% Correct
JordanNabataean/Arabic663 CEPetra
91%
CanadaViking1050 CEVinland
43%
MexicoMaya1250 CEChichen Itza
39%
GreeceMinoan1380 - 1100 BCEKnossos
39%
ZimbabweKingdom of Zimbabwe1500-1600Great Zimbabwe
22%
MongoliaMongol1388 CEKarakorum
9%
PakistanIndus1900 BCEHarappa
4%
MauritaniaBerber1100-1200 CEAoudaghost
0%
ChinaUyghur1300-1400 CEGaochang
0%
TurkeyNeolithic5700 BCEGatalhöyük
0%
PhillipinesBarangayca. 1339 CEMa-i
0%
BulgariaThracian281 BCESeuthopolis
0%
MorocoBerber/Roman1000-1100 CEVolubilis
0%

Score Distribution

Percentile by Number Answered

Percent of People with Each Score

Your Score History

You have not taken this quiz